Guess the lyrics (#82) - Statistics

General Stats
  • This quiz has been taken 76 times
  • The average score is 92 of 225
Answer Stats
Answer % Correct
I
100%
a
97%
you
90%
you,
90%
the
89%
me,
78%
he
75%
And
73%
in
73%
When
73%
do
71%
to
71%
they
70%
Are
68%
are
68%
go!
65%
My
65%
she
65%
She
65%
is
63%
it
62%
so
59%
So
59%
ha
57%
her
56%
no
54%
of
54%
could
51%
see,
51%
see
51%
said:
49%
it's
48%
for
46%
I'm
46%
like
44%
as
43%
As
43%
at
43%
one
41%
things
41%
All
40%
all
40%
His
40%
his
40%
man
40%
girl
38%
with
38%
Oh,
35%
Oh
35%
ever
33%
I'd
30%
was
30%
eye
29%
into
29%
Now
29%
"Boy,
27%
'Cause
27%
let
27%
Yeah!
25%
yeah,
25%
Yeah,
25%
yeah
25%
tell
24%
let's
22%
out
22%
been
21%
back
19%
right,
19%
kill
17%
she's
17%
wink
17%
Ah
16%
ah
16%
over
16%
sun
16%
there's
16%
wanna
16%
"Everyone
14%
ready,
14%
ready
14%
something
14%
turn
14%
eyes
13%
nothing
13%
attack"
11%
ballroom
11%
Ballroom
11%
blitz
11%
corner,
11%
corner
11%
hands
11%
thinks
11%
turned
11%
hard
10%
It'll
10%
Livin'
10%
Everybody
8%
everything
8%
getting
8%
Mick?
8%
Okay.
8%
passionate
8%
sky
8%
warn
8%
Andy?
6%
band
6%
call
6%
dreams
6%
left
6%
matter
6%
music
6%
Steve?
6%
ya"
6%
fact
5%
frightening
5%
grooving
5%
lightning
5%
nothing's
5%
red
5%
soothing
5%
started
5%
Touching
5%
electric
3%
frantically
3%
hectic
3%
ignore
3%
leaving
3%
raises
3%
reaching
3%
strange
3%
crack
2%
fellows,
2%
softly
2%
stopped
2%
appear,
0%
everyone's
0%
mourner
0%
No matching quizzes found
Score Distribution
Percent of People with Each Score
Percentile by Number Answered
Your Score History
You have not taken this quiz